Ethics for the real world : Creating a personal code to guide decisions in work and life
Minor ethical lapses can seem harmless, but they instill in us a hard-to-break habit of distorted thinking. Rationalizations drown out our inner voice, and we make up the rules as we go. We lose control of our decisions, fall victim to the temptations and pressures of our situations, taint our chara...
Saved in:
| Main Author: | |
|---|---|
| Format: | Book |
| Language: | Undetermined |
| Published: |
Boston, Mass.
Harvard Business Press
2008
|
| Subjects: | |
| Tags: |
Add Tag
No Tags, Be the first to tag this record!
|
| Institutions: | Trung tâm Học liệu Trường Đại học Cần Thơ |
|---|
| LEADER | 00998nam a2200205Ia 4500 | ||
|---|---|---|---|
| 001 | CTU_231272 | ||
| 008 | 210402s9999 xx 000 0 und d | ||
| 082 | |a 170.44 | ||
| 082 | |b H848 | ||
| 100 | |a Howard, Ronald A. | ||
| 245 | 0 | |a Ethics for the real world : | |
| 245 | 0 | |b Creating a personal code to guide decisions in work and life | |
| 245 | 0 | |c Ronald A. Howard, Clinton D. Korver, Bill Birchard | |
| 260 | |a Boston, Mass. | ||
| 260 | |b Harvard Business Press | ||
| 260 | |c 2008 | ||
| 520 | |a Minor ethical lapses can seem harmless, but they instill in us a hard-to-break habit of distorted thinking. Rationalizations drown out our inner voice, and we make up the rules as we go. We lose control of our decisions, fall victim to the temptations and pressures of our situations, taint our characters, and sour business and personal relationships. | ||
| 650 | |a Vấn đề đạo đức,Ethical problems | ||
| 910 | |b dqhieu | ||
| 980 | |a Trung tâm Học liệu Trường Đại học Cần Thơ | ||